Sports Quiz

Random Sports or Olympics Quiz
Score 0/26 Timer 08:00
0 Plays Today
% Correct
White
88.8%
The Netherlands
81.6%
Brain
81.3%
Bathroom
79.4%
Curling
77.7%
United States
71.8%
South Korea
70.9%
Skeleton
69.8%
Biathlon
69.7%
Beyoncé
69%
Ring
67.3%
Two
67.2%
Canada
64.1%
% Correct
Black
62.4%
Bobsleigh
62.3%
Finland
60.2%
Costas
54.2%
Schindler's List
47.1%
Halfpipe
45.3%
Snowboard
41.1%
Weir
39.5%
Cross
35.9%
Mikaela
35.5%
Iceberg
33%
Moguls
31.9%
Peru
11.3%
Remove Ads.
Support Sporcle.
Get the best of Sporcle when you Go Orange. This ad-free experience offers more features, more stats, and more fun while also helping to support Sporcle. Thank you for becoming a member.

You're not logged in!

Compare scores with friends on all Sporcle quizzes.
OR
Log In

Sporcle TV

Today on Sporcle TV


Watch our educational content, quiz creation guides, and fun videos on Sporcle TV.

Show Comments

Extras

Top Quizzes Today


Score Distribution

Paid Content

Your Account Isn't Verified!

In order to create a playlist on Sporcle, you need to verify the email address you used during registration. Go to your Sporcle Settings to finish the process.

Report this User

Report this user for behavior that violates our Community Guidelines.

Details: